Problémy ekonomiky na Slovensku na počiatku roka 1968 a jej niektoré dobové analýzy
Stav ekonomiky na Slovensku v roku 1967, kedy sa začala po prestavbe veľkoobchodných cien nová etapa v realizácii ekonomickej reformy. Niekoľko faktov a čísiel na dokumentovanie stavu slovenskej ekonomiky. Z údajov vyplýva, že na prahu roka 1968 bolo Slovensko krajinou s prevahou priemyslu, s rýchly...
Salvato in:
| Autore principale: | |
|---|---|
| Natura: | Capitolo di libro |
| Lingua: | slovacco |
| Soggetti: | |
| Tags: |
Nessun Tag, puoi essere il primo ad aggiungerne!!
|
MARC
| LEADER | 00000naa$a2200000$$$4500 | ||
|---|---|---|---|
| 001 | 0010811 | ||
| 005 | 20230808081509.5 | ||
| 041 | 0 | |a slo | |
| 044 | |a SK | ||
| 245 | 1 | 0 | |a Problémy ekonomiky na Slovensku na počiatku roka 1968 a jej niektoré dobové analýzy |c aut. Miroslav Londák |
| 520 | |a Stav ekonomiky na Slovensku v roku 1967, kedy sa začala po prestavbe veľkoobchodných cien nová etapa v realizácii ekonomickej reformy. Niekoľko faktov a čísiel na dokumentovanie stavu slovenskej ekonomiky. Z údajov vyplýva, že na prahu roka 1968 bolo Slovensko krajinou s prevahou priemyslu, s rýchlym ekonomickým rastom, s dostatočným populačným potenciálom. | ||
| 610 | 2 | 0 | |a hospodárstvo národné |
| 610 | 2 | 0 | |a industrializácia |
| 610 | 2 | 0 | |a reformy hospodárske |
| 610 | 2 | 0 | |a situácia hospodárska |
| 610 | 2 | 0 | |a rast hospodársky |
| 610 | 2 | 0 | |a dôchodok národný |
| 610 | 2 | 0 | |a Československo |
| 610 | 2 | 0 | |a 1967-1968 |
| 100 | 1 | |a Londák, Miroslav | |